000 00189 a2200085 4500
020 _a9781465491114
100 _a DK
245 _aWoodworking: The Complete Step-by-Step Manual
260 _c2020
999 _c13227
_d13227